| 000 | 00485nam a22001697a 4500 | ||
|---|---|---|---|
| 005 | 20251108164011.0 | ||
| 008 | 250721s1991 xx 000 0 ara d | ||
| 082 | 1 | 4 | _a320.158/حبا |
| 100 | 1 | _aحباشنه، سمير | |
| 245 | 1 | 0 | _aفي المسائل القومية و الوطنية الملحة / |
| 264 | 1 |
_aعمان : _bالمؤلف، _c1991. |
|
| 300 | _a258ص | ||
| 650 | 1 | 7 | _aالقومية |
| 650 | 1 | 7 | _aالقومية العربية |
| 942 |
_2ddc _cBK |
||
| 999 |
_c1113 _d1113 |
||